Airlines Serving St. John's (YYT) - Statistics

General Stats
  • This quiz has been taken 36 times
  • The average score is 4 of 6
Answer Stats
Airlines % Correct
Air Canada
100%
WestJet
100%
Sunwing Airlines
58%
Porter Airlines
54%
PAL Airlines
27%
Air Saint-Pierre
19%
No matching quizzes found
Score Distribution
Percent of People with Each Score
Percentile by Number Answered
Your Score History
You have not taken this quiz